| 000 | 01001nam a22001815i 4500 | ||
|---|---|---|---|
| 001 | 53152 | ||
| 003 | ES-MaACL | ||
| 005 | 20230906162721.0 | ||
| 007 | t| | ||
| 008 | 990701m18971899fr ||||1| fre d | ||
| 040 |
_aAS _bspa _cCCPB | 3D |
||
| 100 | 1 |
_aDuhem, Pierre. _945944 |
|
| 245 | 1 | 0 |
_aTraité élémentaire de mécanique chimique fondée sur la thermodynamique / _cpar P. Duhem. |
| 260 |
_aParis : _bLibrairie scientifique A. Hermann, _c1897-1899 ( _eTours : _fImprimerie Deslis Frères) |
||
| 300 |
_a4 v. ; _c25 cm. |
||
| 505 | 8 | _aContiene: T. I. Introduction. Principes fondamentaux de la thermodynamique. Faux équilibres et explosions (VIII, 299 p.) -- t. II. Vaporisation et modifications analogues. Continuité entre l'état liquide et l'état gezeux. Dissociation des gaz parfaits (378 p.) -- t. III. Les mélanges homogènes. Les dissolutions (380 p.) -- t. IV. Les mélanges doubles. Statique chimique générale des systèmes hétérogènes (381 p.) | |
| 852 |
_aES-MaACL _jC-3158-61 |
||
| 999 |
_c53152 _d53152 |
||